Barbari esej o mutácii

Bibliographic Details
Main Author: Baricco, Alessandro, 1958- (Author)
Other Authors: Kučerková, Magda, 1976- (Translator)
Format: Book
Language:Slovak
Italian
PhysicalDescription:216 s. 18 cm
Published: Bratislava Kalligram 2009
ISBN:9788081011320
Edition:1. vyd.
Subjects:

MARC

LEADER 00000cam a2200000 a 4500
001 vtls009526995
003 SK-MaSNL
005 20260301171327.0
008 240315s2008 xo g 000 e slo
015 |a SNBA2009/11-05574 
020 |a 9788081011320  |q (brož.) 
040 |a SNK  |b slo  |c SNK  |e AACR2 
041 1 |a slo  |h ita 
044 |a xo  |c SK 
072 7 |a 821.131.1  |x Talianska literatúra  |2 konspekt 
080 |a 821.131.1-3  |2 2001 
080 |a (0:82-4)  |2 2001 
100 1 |a Baricco, Alessandro,  |d 1958-  |4 aut  |9 97717 
240 1 2 |a I barbari  |l Slovensky 
245 1 0 |a Barbari  |b esej o mutácii  |c Alessandro Baricco ; [z talianskeho originálu preložila Magda Kučerková] 
250 |a 1. vyd. 
260 |a Bratislava  |b Kalligram  |c 2009 
300 |a 216 s.  |c 18 cm 
500 |a Poznámky 
650 0 7 |a talianska próza  |2 SNKPH  |9 1216 
650 0 7 |a Italian prose literature  |2 SNKPHeng  |9 538842 
655 7 |a eseje  |2 SNKPH  |9 57030 
655 7 |a Essays  |2 SNKPHeng  |9 267540 
700 1 |a Kučerková, Magda,  |d 1976-  |4 trl  |9 237247 
852 |a Slovenská národná knižnica 
919 |a 978-80-8101-132-0 
958 |a LX 
958 |a UP 
968 |b IT  |d 821 
999 |c 830490  |d 832420 
952 |a SNK  |b SNK  |y PREZ  |7 0  |p 17A0633538  |o snkSD 78590  |i snk2009/18147  |8 0  |0 0  |1 0  |4 0  |d 2009-10-07  |l 0  |r 2025-11-26 00:00:00  |w 2026-02-24 
952 |a SNK  |b SNK  |y VYP  |7 0  |p 17A0633539  |o snkSD 78590 D1  |i snk2009/18148  |8 0  |0 0  |1 0  |4 0  |d 2009-10-07  |l 0  |r 2017-06-30 00:00:00  |w 2026-02-24